书目信息 |
| 题名: |
耶路撒冷三千年
|
|
| 作者: | 蒙蒂菲奥里 著 ;张倩红 , 马丹静 译 | |
| 分册: | ||
| 出版信息: | 北京 民主与建设出版社 2015.1 |
|
| 页数: | 674页 | |
| 开本: | 25cm | |
| 丛书名: | ||
| 单 册: | ||
| 中图分类: | K382.0 | |
| 科图分类: | ||
| 主题词: | 耶路撒冷--ye lu sa leng--历史 , 历史--li shi | |
| 电子资源: | ||
| ISBN: | 978-7-5139-0350-9 | |
| 000 | 01059nam0 22002771 450 | |
| 001 | 0103153626 | |
| 005 | 20170503153626.0 | |
| 010 | @a978-7-5139-0350-9@b精装@dCNY78.00 | |
| 100 | @a20150119d2015 em y0chiy50 ea | |
| 101 | 1 | @achi@ceng |
| 102 | @aCN@b110000 | |
| 105 | @ab z 000yy | |
| 106 | @ar | |
| 200 | 1 | @a耶路撒冷三千年@9ye lu sa leng san qian nian@dJerusalem: the biography@f(英)西蒙·蒙蒂菲奥里著@g张倩红,马丹静译@zeng |
| 210 | @a北京@c民主与建设出版社@d2015.1 | |
| 215 | @a674页@c地图@d25cm | |
| 330 | @a本书依年代顺序,讲述了耶路撒冷的故事。透过士兵与先知、诗人与国王、农民与音乐家的生活,以及创造耶路撒冷的家族来呈现这座城市的三千年瑰丽历史,还原真实的耶路撒冷。 | |
| 510 | 1 | @aJerusalem: the biography@zeng |
| 606 | 0 | @a耶路撒冷@9ye lu sa leng@x历史 |
| 606 | 0 | @a历史@9li shi |
| 690 | @aK382.0@v5 | |
| 701 | 0 | @c(英)@a蒙蒂菲奥里@9meng di fei ao li@c(Montefiore,Simon Sebag@4著 |
| 702 | 0 | @a张倩红@9zhang qian hong@4译 |
| 702 | 0 | @a马丹静@9ma dan jing@4译 |
| 801 | 0 | @aCN@bTANGWEI@c20170308 |
| 905 | @b0967415-7@dK382.0@e22@f3 | |
| 耶路撒冷三千年=Jerusalem: the biography/(英)西蒙·蒙蒂菲奥里著/张倩红,马丹静译.-北京:民主与建设出版社,2015.1 |
| 674页:地图;25cm |
| ISBN 978-7-5139-0350-9(精装):CNY78.00 |
| 本书依年代顺序,讲述了耶路撒冷的故事。透过士兵与先知、诗人与国王、农民与音乐家的生活,以及创造耶路撒冷的家族来呈现这座城市的三千年瑰丽历史,还原真实的耶路撒冷。 |
| ● |
| 相关链接 |
|
|
|
|
正题名:耶路撒冷三千年
索取号:K382.0/22
 
预约/预借
| 序号 | 登录号 | 条形码 | 馆藏地/架位号 | 状态 | 备注 |
| 1 | 0967415 | 209674155 | 第二样本阅览室/ [索取号:K382.0/22] | 在馆 | |
| 2 | 0967416 | 209674164 | 史法系资料室/ [索取号:K382.0/22] | 在馆 | |
| 3 | 0967417 | 209674173 | 第二借阅区/ [索取号:K382.0/22] | 在馆 |